000 00745nam a2200229Ia 4500
008 191130s2010##################000#0#eng##
020 _a9780071636087
022 _a2009008623
040 _aACL
_cACL
082 _a658.452 GAL
100 _aGallo, Carmine
245 _aThe presentation secrets of Steve Jobs : how to be insanely great in front of any audience
_cCarmine Gallo
260 _aNew York
_bMcGraw-Hill
_c2010
300 _axvii, 238 p. : ill. ; 22 cm
500 _aIncludes bibliographical references (p. 219-232) and index
650 _aBusiness communication
650 _aBusiness presentations
650 _aJobs, Steven, 1955-
990 _a28fc5b36ac10000c1bacf3523532eb40
991 _a146888
999 _c295472
_d295472